Derechos fundamentales y derechos públicos subjetivos en la iglesia
Salvato in:
| Autori principali: | , |
|---|---|
| Natura: | Libro |
| Lingua: | spagnolo |
| Pubblicazione: |
Pamplona
EUNSA
1971
|
| Soggetti: | |
| Tags: |
Aggiungi Tag
Nessun Tag, puoi essere il primo ad aggiungerne!!
|
MARC
| LEADER | 00000nam a2200000 a 4500 | ||
|---|---|---|---|
| 001 | UCV1861 | ||
| 003 | CL-VaPUC | ||
| 008 | 910510e19710000SP |||||||||||||||||spa|d | ||
| 082 | 0 | 4 | |a 262.9 |b GON |2 21 |
| 100 | |a González del Valle Cienfuegos, José María |e author |9 296007 | ||
| 700 | 0 | |a Cienfuego Jovellanos |e author |9 296053 | |
| 245 | 1 | 0 | |a Derechos fundamentales y derechos públicos subjetivos en la iglesia |
| 300 | |a 305 p | ||
| 942 | |c BK | ||
| 945 | |d 19910510 00:00:00 | ||
| 260 | |a Pamplona |b EUNSA |c 1971 | ||
| 650 | 0 | |a Derechos civiles |9 255655 | |
| 650 | 7 | |a DERECHO CANONICO |2 CL-VaPUC |9 296054 | |
| 650 | 0 | |a Laicos |9 255625 | |
| 650 | 7 | |a SITUACION LEGAL |2 CL-VaPUC |9 255565 | |
| 583 | |a last modification |c 19910510 00:00:00 |k Rodrigo Vera | ||
| 999 | |c 209636 |d 209634 | ||
| 952 | |0 0 |1 0 |4 0 |6 262_900000000000000_GON_1971 |7 0 |8 A |9 185186 |a BIBTEO |b BIBTEO |d 2019-11-14 |i 2526379 |o 262.9 GON 1971 |p 2526379 |r 2025-01-17 |w 2019-11-14 |y BK |k ICR | ||
| 952 | |0 0 |1 0 |4 0 |6 262_900000000000000_GON_1971 |7 0 |8 A |9 185187 |a BIBDER |b BIBDER |d 2019-11-14 |i 2526387 |o 262.9 GON 1971 |p 2526387 |r 2023-01-25 |w 2019-11-14 |y BK |k DER | ||